| 000 | 00603nam a22001937a 4500 | ||
|---|---|---|---|
| 005 | 20150806120600.0 | ||
| 010 | _aENG-113177 | ||
| 020 |
_c995.00 _a9788189766207 |
||
| 020 |
_c995.00 _a8189766236 |
||
| 035 | _aEN-96709 | ||
| 037 | _bDBAD/PUB | ||
| 082 | _a334.091724 | ||
| 100 | _aSharma, Yogendra | ||
| 245 |
_aPublic private partnership in infrastructure / _cby Yogendra sharma |
||
| 260 |
_bVitasta Publishing _c2015 _aNew Delhi |
||
| 270 |
_bNew Delhi _e110002 _a2/15, First Floor, Ansari Road, DaryaGanj, |
||
| 300 |
_a233p. _c24cm(Hb) |
||
| 942 |
_2ddc _cEN _mSHA _h334.091724 |
||
| 999 |
_c93969 _d93969 |
||